| 000 | 00584nam a2200205Ia 4500 | ||
|---|---|---|---|
| 008 | 200901s9999||||xx |||||||||||||| ||und|| | ||
| 020 | _a7801490592 | ||
| 020 | _a9787801490599 | ||
| 041 | _achi | ||
| 050 |
_aBR1285 _b.Y48 1998 |
||
| 100 | _a李宽淑 | ||
| 245 | 0 |
_a中国基督教史略 _b / _c李宽淑 |
|
| 246 | _a中國基督教史略 | ||
| 260 |
_a北京 : _b社会科学文献出版社, _c1998 |
||
| 300 |
_a7, 2, 351 p. _b; _c20 cm. |
||
| 650 | _aChina -- Church history. | ||
| 650 | _aChristianity -- China. | ||
| 650 | _aMissions -- China -- History. | ||
| 999 |
_c27079 _d27079 |
||